| 000 | 00762nam a2200181 a 4500 | ||
|---|---|---|---|
| 001 | 000039966 | ||
| 005 | 20201002033834.0 | ||
| 008 | 130801s1966 mx 000 0 spa d | ||
| 040 |
_aDO-SdBNP _bspa _cBNPHU |
||
| 100 | 1 |
_aSchwartz, Bernard _949980 |
|
| 240 | 1 | 4 |
_aA commentary on the United States _lEspañol |
| 245 | 1 | 4 |
_aLos poderes del gobierno : _bcomentario sobre la constitución de los Estados Unidos / _cBernard Schwartz ; traductor José Juan Olloqui Labastida. |
| 260 |
_aMéxico : _bUniversidad Nacional Autónoma de México, _c1966. |
||
| 300 |
_av ; _c25 cm. |
||
| 505 | 1 |
_gv. I _tPoderes federales y estatales _gv. II _tPoderes del presidente |
|
| 500 | _aLa biblioteca posee el volúmen I y II | ||
| 700 | 1 |
_aOlloqui Labastida, José Juan _etrad. _966183 |
|
| 999 |
_c39456 _d39456 |
||